| 000 | | | 04670cbm0a2200301#x 450 |
| 001 | | | 217958a9-c405-4a43-9f4d-a3c611d15a79 |
| 005 | | | 20210427121046.0 |
| 100 | ## | $a | 20210420j193911001k###0rus50 #ca |
| 101 | 0# | $a | rus |
| 102 | ## | $a | RU |
| 105 | ## | $a | y###z######## |
| 122 | 0# | $a | d19391001## |
| 200 | 1# | $a | Докладная записка наркома авиационной промышленности СССР М. М. Кагановича председателю Комитета обороны при СНК СССР В. М. Молотову о постройке экспериментального скоростного истребителя с изменяющейся в полете площадью крыльев |
| | $j | 1 октября 1939 г. |
| 251 | ## | $c | Документ |
| 300 | ## | $a | Подлинник |
| 461 | #0 | $1 | 2001 |
| | $a | Ф. Р-8418 |
| | $1 | 251 |
| | $c | Фонд |
| | $1 | 852 |
| | $j | Р-8418 |
| 462 | #0 | $1 | 2001 |
| | $a | Оп. 23 |
| | $1 | 251 |
| | $c | Опись |
| | $1 | 852 |
| | $j | 23 |
| 462 | #0 | $1 | 2001 |
| | $a | Д. 478 |
| | $v | Л. 5-6 |
| | $1 | 251 |
| | $c | Дело |
| | $1 | 852 |
| | $j | 478 |
| 605 | ## | $2 | prlib_sh |
| | $3 | LIBNET\UAF\0000088514 |
| | $a | Вторая мировая война в архивных документах (Комплекс оцифрованных архивных документов, кино- и фотоматериалов) |
| | $l | коллекция |
| 606 | 1# | $2 | prlib_sh |
| | $3 | LIBNET\UAF\0000093560 |
| | $a | Истребители(авиац.) |
| | $x | Проектирование |
| | $y | СССР |
| | $z | 1939-1941 |
| | $j | Документы и материалы |
| 606 | 1# | $2 | prlib_sh |
| | $3 | LIBNET\UAF\0000092196 |
| | $a | Военное самолетостроение |
| | $y | СССР |
| | $z | 1939-1941 |
| | $j | Документы и материалы |
| 686 | ## | $a | 63.3(2)621-2ю11 |
| | $v | LBC/M |
| | $2 | rubbk |
| 686 | ## | $a | 68.71(2)ю11 |
| | $v | LBC/M |
| | $2 | rubbk |
| 801 | #0 | $a | RU |
| | $b | ПБ им. Б.Н. Ельцина |
| | $c | 20210420 |
| 801 | #1 | $a | RU |
| | $b | ПБ им. Б.Н. Ельцина |
| | $c | 20210420 |
| | $2 | rusmarc |
| 801 | #2 | $a | RU |
| | $b | ПБ им. Б.Н. Ельцина |
| | $c | 20210427 |
| | $2 | rusmarc |
| 850 | ## | $a | Государственный архив Российской Федерации |
| 852 | ## | $a | ГА РФ |
| | $j | Л. 5-6 |
| 035 | ## | $a | LIBNET\0001148027 |
| 937 | ## | $d | 162757740 |
| | $h | Федеральное архивное агентство |
| 856 | 4# | $u | http://readingroom.main.prlib.ru/item.aspx?id_node=n162757740&mode=full |